| 000 | 00401nam a2200169Ia 4500 | ||
|---|---|---|---|
| 001 | 7107 | ||
| 003 | IN-NITTTR | ||
| 005 | 20251114233025.0 | ||
| 008 | 251113s9999||||xx |||||||||||||| ||eng|| | ||
| 040 | _beng | ||
| 040 | _cIN-NITTTR | ||
| 041 | _aeng | ||
| 082 | _a005.133 M459G | ||
| 100 | _aMcCracken, Daniel D. | ||
| 245 | 2 |
_aA guide to ALGOL programming / _cMcCracken, Daniel D. |
|
| 942 |
_2ddc _cBK |
||
| 999 |
_c9745 _d9745 |
||